000
00320nam a22001337a 4500
082
_a
621
100
_a
Anthony, Mark
245
_a
Property Tables and Charts (SI Units) Appendix 1
260
_a
USA
_c
2006
300
_a
909-952 p. :
_b
ill. ;
_e
25 cm.
650
_a
Property Tables
700
_a
Anthony, Mark
942
_c
BK
999
_c
11486
_d
11486